000 00934nam a2200289 i 4500
001 11154
003 ES-MaACL
005 20250825062626.0
007 t|
008 950404s1995 sp |||| | spa
020 _a84-7844-251-0
080 _a839.6-31"19"
100 1 _aGaarder, Jostein (
_d1952-)
_953113
245 1 3 _aEl mundo de Sofía
_b: novela sobre la historia de la filosofía /
_cJostein Gaarder ; traducción, Kirsti Baggethun y Asunción Lorenzo.
250 _a18ª ed. rev.
260 _aMadrid :
_bSiruela,
_c1995.
300 _a638 p. ;
_c21 cm.
490 1 _aLas tres edades ;
_v35
500 _aÍndice.
650 4 _aFilosofía-
_vHistoria-
_vLibros infantiles.
_9145884
655 7 _aLibros infantiles
_2tgfbne
_9226786
700 1 _aBaggethun, Kirsti.
_924636
700 1 _aLorenzo, Asunción.
_974144
830 1 _aLas tres edades ;
_v35
_9178625
852 4 _aES-MaACL
_jL-18502
999 _c11154
_d11154